| 000 | 00658nam a2200253Ia 4500 | ||
|---|---|---|---|
| 003 | OSt | ||
| 005 | 20221007111706.0 | ||
| 006 | a|||||r|||| 00| 0 | ||
| 007 | ta | ||
| 008 | 221006b |||||||| |||| 00| 0 eng d | ||
| 024 | _a24,107 | ||
| 037 | _cTextual | ||
| 040 |
_aLCO _cLCO _beng |
||
| 041 |
_2eng _aeng |
||
| 082 | _aX5k3,N66, L1 | ||
| 100 |
_aFiddes D.W. Ed. _9287899 |
||
| 245 | 0 | _aBusiness Terms, Phrases and Abbreviations | |
| 250 | _a14th | ||
| 260 |
_aLondon _bPitman Publishing U.K. _c1971 |
||
| 300 | _a230 | ||
| 650 | _aBUSINESS | ||
| 942 |
_hX5k3,N66, L1 _cTEXL |
||
| 999 |
_c1193670 _d1193670 |
||